000 00530nam a2200193Ia 4500
008 220531s9999 xx 000 0 und d
041 _aeng
082 _a-
_bENC / BHA
100 _aBhanu, A.
_977620
245 _aEncyclopedia of English Literature: Origin and Development, (Volume-IV)
250 _a1ST
260 _aNew Delhi
_bALP Books
_c2012
300 _a1216
542 _d03-07-2017
551 _aEnglish
_bNon-grant-ENG
650 _aEncyclopedia
_977621
906 _d2017-2018
_f11064
999 _c43054
_d43054